00625 2200265 4500001002100000005001500021035002000036007000300056008004100059040001700100100001400117245004800131250001300179300003100192041000800223082000800231084001400239090001900253260003600272850001000308650001000318650001300328990000900341990000900350INLIS00000000000368120260528100948 a0010-0721000036ta260528 0  aSBPUPADbind0 aPratignjo1 aPelestarian Fauna Di Indonesia /cPratignjo a--Cet--1 a70 hlm. :billus. ;c20 cm0 bind a591 a591 PRA p a591 DYA m 17-5 a--Jakarta :bKarya Indah,c1982 aPUPAD 4aHewan 4aBinatang a0591 a0592